Women in cross-cultural transitions /
Guardat en:
| Autor principal: | |
|---|---|
| Altres autors: | |
| Format: | Llibre |
| Idioma: | English |
| Publicat: |
USA :
Phi Delta Kappa Educational Foundation,
1995
|
| Matèries: | |
| Etiquetes: |
Afegir etiqueta
Sense etiquetes, Sigues el primer a etiquetar aquest registre!
|
MARC
| LEADER | 00000nam a2200000Ia 4500 | ||
|---|---|---|---|
| 008 | 150720b1995 us ||||| |||| 00| | eng d | ||
| 020 | |a 00873674782 | ||
| 090 | |a 06.03.05 |b 1207 | ||
| 100 | 1 | |a Bystydzienski, Jill M. |9 389 | |
| 245 | 1 | 0 | |a Women in cross-cultural transitions / |c Jill M. Bystydzienski, Estelle P. Resnik |
| 260 | |a USA : |b Phi Delta Kappa Educational Foundation, |c 1995 | ||
| 300 | |a 132 páginas | ||
| 500 | |a Material en idioma inglés | ||
| 650 | 1 | 4 | |a EDUCACIÓN DE LA MUJER |9 390 |
| 650 | 1 | 4 | |a CULTURA |9 378 |
| 651 | 4 | |a HUNGRÍA |9 391 | |
| 700 | 1 | |9 392 |a Resnik, Estelle P. | |
| 942 | |i 001932 |h 06.03.05 1207 |2 z |c 01 | ||
| 999 | |c 58 |d 58 | ||
